| 000 | 01294nam a22003618i 4500 | ||
|---|---|---|---|
| 001 | 020162379 | ||
| 003 | EG-ScBUE | ||
| 005 | 20220214113740.0 | ||
| 008 | 210409s2021 nyua f b 001 0 eng d | ||
| 020 | _a9780357457122 (pbk.) : | ||
| 020 | _a0357457129 | ||
| 040 |
_aStDuBDS _beng _erda _cStDuBDS _dEG-ScBUE |
||
| 082 | 0 | 4 |
_a611.91 _222 _bSHO |
| 100 | 1 |
_aShort, Marjorie J., _d1935- _eauthor. |
|
| 245 | 1 | 0 |
_aHead, neck & dental anatomy / _cMarjorie Short, BS, MS, professor emeritus, dental hygiene, Middlesex Community College, Deborah Levin-Goldstein, RDH, MS, Northampton Community College. |
| 246 | 3 | _aHead, neck and dental anatomy | |
| 250 | _aFifth edition. | ||
| 264 | 1 |
_aAlbany : _bDelmar, _c2021. |
|
| 300 |
_axxiii, 328 : _billustrations ; _c28 cm |
||
| 336 |
_atext _2rdacontent _btxt |
||
| 336 |
_astill image _2rdacontent _btxt |
||
| 337 |
_aunmediated _2rdamedia _bn |
||
| 338 |
_avolume _2rdacarrier _bnc |
||
| 504 | _aIncludes bibliographical references and index. | ||
| 650 | 7 |
_aHead _xAnatomy. _2BUEsh _939982 |
|
| 650 | 7 |
_aNeck _xAnatomy. _2BUEsh _939983 |
|
| 650 | 7 |
_aMouth _xAnatomy. _2BUEsh |
|
| 650 | 7 |
_aTeeth _xAnatomy. _2BUEsh |
|
| 653 |
_bGGEN _cFebruary2022 |
||
| 655 |
_vReading book _934232 |
||
| 700 | 1 |
_aLevin-Goldstein, Deborah, _eauthor. |
|
| 942 |
_2ddc _cBB |
||
| 999 |
_c29773 _d29744 |
||